[Event "Terme Krka OPEN 2018"]
[Site "Otočec, Slovenia"]
[Date "2018.12.25"]
[Round "3.9"]
[White "Acimovic, Vasja"]
[Black "Kersic, Matej"]
[Result "1/2-1/2"]
[WhiteElo "2008"]
[BlackElo "2138"]

1. d4 {[%clk 01:30:56]} {[%emt 00:00:11]} d5 {[%clk 01:30:58]} {[%emt
00:00:13]} 2. Bf4 {[%clk 01:30:39]} {[%emt 00:00:54]} c6 {[%clk 01:30:24]}
{[%emt 00:01:04]} 3. e3 {[%clk 01:31:04]} {[%emt 00:00:05]} Bf5 {[%clk
01:30:36]} {[%emt 00:00:02]} 4. c3 {[%clk 01:26:52]} {[%emt 00:04:37]} e6
{[%clk 01:30:35]} {[%emt 00:00:28]} 5. Nf3 {[%clk 01:26:46]} {[%emt 00:00:39]}
Nf6 {[%clk 01:30:46]} {[%emt 00:00:29]} 6. Bd3 {[%clk 01:26:55]} {[%emt
00:00:17]} Nbd7 {[%clk 01:29:09]} {[%emt 00:01:59]} 7. O-O {[%clk 01:26:28]}
{[%emt 00:00:56]} Be7 {[%clk 01:28:02]} {[%emt 00:01:37]} 8. Bxf5 {[%clk
01:24:33]} {[%emt 00:02:25]} exf5 {[%clk 01:28:28]} {[%emt 00:00:41]} 9. Qc2
{[%clk 01:21:47]} {[%emt 00:02:38]} g6 {[%clk 01:28:34]} {[%emt 00:00:26]} 10.
c4 {[%clk 01:17:34]} {[%emt 00:04:44]} O-O {[%clk 01:27:44]} {[%emt 00:01:38]}
11. cxd5 {[%clk 01:16:21]} {[%emt 00:01:23]} Nxd5 {[%clk 01:27:27]} {[%emt
00:00:58]} 12. Bh6 {[%clk 01:15:05]} {[%emt 00:01:36]} Re8 {[%clk 01:27:48]}
{[%emt 00:00:24]} 13. Nc3 {[%clk 01:15:10]} {[%emt 00:00:23]} N7f6 {[%clk
01:27:50]} {[%emt 00:00:23]} 14. h3 {[%clk 01:12:39]} {[%emt 00:02:56]} Bd6
{[%clk 01:26:35]} {[%emt 00:01:40]} 15. Bg5 {[%clk 01:11:40]} {[%emt 00:01:33]}
Qd7 {[%clk 01:26:29]} {[%emt 00:01:06]} 16. Bxf6 {[%clk 01:07:31]} {[%emt
00:04:07]} Nxf6 {[%clk 01:26:48]} {[%emt 00:00:34]} 17. Rfd1 {[%clk 01:07:28]}
{[%emt 00:00:09]} Rad8 {[%clk 01:25:28]} {[%emt 00:01:50]} 18. Rac1 {[%clk
01:04:18]} {[%emt 00:03:40]} Qe7 {[%clk 01:22:58]} {[%emt 00:03:01]} 19. Re1
{[%clk 01:01:58]} {[%emt 00:02:50]} Bb8 {[%clk 01:22:05]} {[%emt 00:01:24]} 20.
Na4 {[%clk 00:56:30]} {[%emt 00:06:04]} Ne4 {[%clk 01:20:14]} {[%emt 00:02:17]}
21. Nc5 {[%clk 00:54:05]} {[%emt 00:02:52]} Nxc5 {[%clk 01:20:19]} {[%emt
00:00:27]} 22. Qxc5 {[%clk 00:52:37]} {[%emt 00:01:55]} Qxc5 {[%clk 01:20:38]}
{[%emt 00:00:18]} 23. Rxc5 {[%clk 00:52:53]} {[%emt 00:00:06]} Rd7 {[%clk
01:16:19]} {[%emt 00:04:49]} 24. g3 {[%clk 00:52:26]} {[%emt 00:00:58]} f6
{[%clk 01:16:19]} {[%emt 00:00:31]} 25. Rec1 {[%clk 00:52:28]} {[%emt
00:00:27]} Kf7 {[%clk 01:15:56]} {[%emt 00:00:54]} 26. Ne1 {[%clk 00:49:37]}
{[%emt 00:03:29]} Bd6 {[%clk 01:10:01]} {[%emt 00:06:15]} 27. R5c2 {[%clk
00:47:31]} {[%emt 00:02:41]} h5 {[%clk 01:09:44]} {[%emt 00:00:46]} 28. h4
{[%clk 00:35:52]} {[%emt 00:12:06]} g5 {[%clk 01:07:10]} {[%emt 00:03:04]} 29.
hxg5 {[%clk 00:35:51]} {[%emt 00:00:34]} fxg5 {[%clk 01:07:30]} {[%emt
00:00:10]} 30. Nf3 {[%clk 00:36:04]} {[%emt 00:00:18]} Kg6 {[%clk 01:04:14]}
{[%emt 00:03:43]} 31. Rd1 {[%clk 00:27:28]} {[%emt 00:09:05]} Bb8 {[%clk
00:59:09]} {[%emt 00:05:45]} 32. b4 {[%clk 00:24:25]} {[%emt 00:03:21]} Rd5
{[%clk 00:58:00]} {[%emt 00:01:39]} 33. a4 {[%clk 00:19:49]} {[%emt 00:05:10]}
a6 {[%clk 00:57:55]} {[%emt 00:00:45]} 34. Kg2 {[%clk 00:19:36]} {[%emt
00:00:29]} Bd6 {[%clk 00:38:33]} {[%emt 00:19:55]} 35. Rb2 {[%clk 00:18:35]}
{[%emt 00:01:32]} Kf6 {[%clk 00:33:31]} {[%emt 00:05:30]} 36. Nd2 {[%clk
00:15:15]} {[%emt 00:04:20]} f4 {[%clk 00:31:41]} {[%emt 00:01:50]} 37. gxf4
{[%clk 00:14:48]} {[%emt 00:00:55]} gxf4 {[%clk 00:32:01]} {[%emt 00:00:36]} 38.
Nc4 {[%clk 00:14:05]} {[%emt 00:00:48]} Bc7 {[%clk 00:30:23]} {[%emt 00:02:09]}
39. Kf3 {[%clk 00:14:04]} {[%emt 00:00:44]} fxe3 {[%clk 00:23:30]} {[%emt
00:07:09]} 40. Nxe3 {[%clk 00:12:34]} {[%emt 00:02:09]} Rd7 {[%clk 00:20:10]}
{[%emt 00:03:41]} 41. d5 {[%clk 00:12:55]} {[%emt 00:00:25]} cxd5 {[%clk
00:16:45]} {[%emt 00:03:39]} 42. Nxd5+ {[%clk 00:09:57]} {[%emt 00:04:10]} Kf7
{[%clk 00:17:06]} 43. Nxc7 {[%clk 00:08:46]} {[%emt 00:01:30]} Rxc7 {[%clk
00:15:37]} {[%emt 00:01:43]} 44. Rd4 {[%clk 00:06:43]} {[%emt 00:02:27]} Re6
{[%clk 00:14:20]} {[%emt 00:01:46]} 45. Kg3 {[%clk 00:06:23]} {[%emt 00:01:22]}
Kg6 {[%clk 00:12:38]} {[%emt 00:01:39]} 46. Rbd2 {[%clk 00:04:02]} {[%emt
00:02:51]} Rc3+ {[%clk 00:12:06]} {[%emt 00:01:04]} 1/2-1/2

[Event "Terme Krka OPEN 2018"]
[Site "Otočec, Slovenia"]
[Date "2018.12.25"]
[Round "3.2"]
[White "Urbanc, Peter"]
[Black "Bajo, Tin"]
[Result "1-0"]
[WhiteElo "2280"]
[BlackElo "1952"]

1. d4 {[%clk 01:30:57]} d5 {[%clk 01:30:48]} 2. e3 {[%clk 01:31:23]} {[%emt
00:00:09]} Nf6 {[%clk 01:31:03]} {[%emt 00:00:45]} 3. f4 {[%clk 01:31:40]} c5
{[%clk 01:27:36]} {[%emt 00:03:36]} 4. Nf3 {[%clk 01:32:00]} {[%emt 00:00:09]}
Nc6 {[%clk 01:27:17]} {[%emt 00:01:01]} 5. Bd3 {[%clk 01:32:15]} {[%emt
00:00:03]} Bg4 {[%clk 01:25:07]} {[%emt 00:02:39]} 6. c3 {[%clk 01:32:23]}
{[%emt 00:00:27]} cxd4 {[%clk 01:23:26]} {[%emt 00:02:02]} 7. exd4 {[%clk
01:32:14]} {[%emt 00:00:51]} e6 {[%clk 01:23:05]} {[%emt 00:00:42]} 8. O-O
{[%clk 01:31:49]} {[%emt 00:00:52]} Bd6 {[%clk 01:22:36]} {[%emt 00:01:03]} 9.
h3 {[%clk 01:31:28]} {[%emt 00:01:16]} Bxf3 {[%clk 01:17:23]} {[%emt 00:05:14]}
10. Qxf3 {[%clk 01:31:52]} {[%emt 00:00:31]} Qa5 {[%clk 01:06:31]} {[%emt
00:11:04]} 11. Be3 {[%clk 01:21:48]} {[%emt 00:10:28]} b5 {[%clk 01:04:44]}
{[%emt 00:02:16]} 12. Nd2 {[%clk 01:20:53]} {[%emt 00:01:30]} Rc8 {[%clk
00:54:31]} {[%emt 00:10:42]} 13. a3 {[%clk 01:14:19]} {[%emt 00:07:13]} a6
{[%clk 00:41:11]} {[%emt 00:13:37]} 14. g4 {[%clk 01:14:23]} {[%emt 00:00:29]}
g6 {[%clk 00:28:41]} {[%emt 00:13:04]} 15. f5 {[%clk 01:11:30]} {[%emt
00:03:17]} gxf5 {[%clk 00:26:28]} {[%emt 00:02:44]} 16. Bg5 {[%clk 01:10:35]}
{[%emt 00:01:24]} Nd7 {[%clk 00:20:47]} {[%emt 00:06:09]} 17. Bxf5 {[%clk
01:10:17]} {[%emt 00:00:48]} Be7 {[%clk 00:14:47]} {[%emt 00:07:08]} 18. Bxe7
{[%clk 00:24:11]} {[%emt 00:46:11]} Kxe7 {[%clk 00:12:45]} {[%emt 00:02:17]} 19.
Rae1 {[%clk 00:23:12]} {[%emt 00:01:30]} Nxd4 {[%clk 00:11:55]} {[%emt
00:01:19]} 20. cxd4 {[%clk 00:23:03]} {[%emt 00:00:45]} Qxd2 {[%clk 00:12:06]}
{[%emt 00:00:14]} 21. Qxd5 {[%clk 00:23:14]} {[%emt 00:00:40]} Kd8 {[%clk
00:07:35]} {[%emt 00:04:43]} 22. Qd6 {[%clk 00:20:53]} {[%emt 00:02:48]} exf5
{[%clk 00:00:32]} {[%emt 00:07:43]} 23. Qe7+ {[%clk 00:19:38]} {[%emt
00:01:35]} Kc7 {[%clk 00:00:48]} {[%emt 00:01:08]} 24. Rc1+ {[%clk 00:20:06]}
Kb8 {[%clk 00:00:33]} 25. Qd6+ {[%clk 00:20:28]} {[%emt 00:00:04]} Ka7 {[%clk
00:00:31]} {[%emt 00:00:31]} 26. Qxd7+ {[%clk 00:20:53]} {[%emt 00:00:11]} Kb8
{[%clk 00:00:56]} {[%emt 00:00:06]} 27. Qd6+ {[%clk 00:20:38]} {[%emt
00:00:48]} Kb7 {[%clk 00:00:36]} {[%emt 00:00:45]} 28. Qd5+ {[%clk 00:20:44]}
{[%emt 00:00:19]} Kb8 {[%clk 00:00:36]} {[%emt 00:00:36]} 29. Qe5+ {[%clk
00:09:48]} {[%emt 00:11:18]} Kb7 {[%clk 00:00:49]} {[%emt 00:00:21]} 30. Rcd1
{[%clk 00:02:39]} {[%emt 00:07:37]} Qxb2 {[%clk 00:00:32]} {[%emt 00:00:46]} 31.
Rxf5 {[%clk 00:03:03]} {[%emt 00:00:33]} Rhf8 {[%clk 00:00:36]} {[%emt
00:00:04]} 32. Qd5+ {[%clk 00:03:10]} {[%emt 00:00:20]} Kb8 {[%clk 00:00:42]}
{[%emt 00:00:23]} 33. Qd6+ {[%clk 00:03:16]} {[%emt 00:00:37]} Kb7 {[%clk
00:00:51]} {[%emt 00:00:08]} 34. Rf6 {[%clk 00:03:19]} {[%emt 00:00:26]} Qc2
{[%clk 00:00:31]} {[%emt 00:00:49]} 35. Qb6+ {[%clk 00:03:44]} {[%emt
00:00:34]} Ka8 {[%clk 00:00:56]} 36. Qxa6+ {[%clk 00:04:10]} Kb8 {[%clk
00:01:21]} 37. Rb6+ {[%clk 00:04:25]} {[%emt 00:00:15]} Kc7 {[%clk 00:01:42]}
38. Qb7+ {[%clk 00:04:52]} Kd8 {[%clk 00:02:07]} {[%emt 00:00:04]} 39. Rd6+
{[%clk 00:05:17]} {[%emt 00:00:05]} 1-0

[Event "Terme Krka OPEN 2018"]
[Site "Otočec, Slovenia"]
[Date "2018.12.25"]
[Round "3.3"]
[White "Zupancic, Urban"]
[Black "Brinovec, David"]
[Result "0-1"]
[WhiteElo "1973"]
[BlackElo "2223"]

1. e4 {[%clk 01:30:56]} e5 {[%clk 01:30:56]} 2. Nf3 {[%clk 01:31:16]} {[%emt
00:00:08]} Nc6 {[%clk 01:31:22]} {[%emt 00:00:14]} 3. Bb5 {[%clk 01:31:32]}
{[%emt 00:00:04]} Nge7 {[%clk 01:31:45]} {[%emt 00:00:03]} 4. Nc3 {[%clk
01:30:37]} Ng6 {[%clk 01:30:47]} {[%emt 00:02:51]} 5. d4 {[%clk 01:30:13]} exd4
{[%clk 01:31:06]} {[%emt 00:01:09]} 6. Nxd4 {[%clk 01:30:35]} Bb4 {[%clk
01:31:31]} {[%emt 00:00:20]} 7. O-O {[%clk 01:29:20]} O-O {[%clk 01:31:53]}
{[%emt 00:01:47]} 8. Nd5 {[%clk 01:21:13]} Nxd4 {[%clk 01:32:18]} {[%emt
00:08:40]} 9. Qxd4 {[%clk 01:21:23]} Bd6 {[%clk 01:32:42]} {[%emt 00:00:34]} 10.
Bc4 {[%clk 01:16:14]} c6 {[%clk 01:31:26]} {[%emt 00:07:34]} 11. Ne3 {[%clk
01:11:13]} Be5 {[%clk 01:31:03]} {[%emt 00:06:06]} 12. Qd1 {[%clk 01:10:48]}
Qh4 {[%clk 01:28:35]} {[%emt 00:03:58]} 13. g3 {[%clk 00:42:48]} Qxe4 {[%clk
01:27:58]} {[%emt 00:29:29]} 14. c3 {[%clk 00:41:31]} {[%emt 00:01:48]} Bc7
{[%clk 01:22:06]} {[%emt 00:06:38]} 15. Re1 {[%clk 00:37:48]} {[%emt 00:03:57]}
Ne5 {[%clk 01:21:01]} {[%emt 00:01:35]} 16. Be2 {[%clk 00:36:38]} {[%emt
00:01:39]} Bb6 {[%clk 01:10:46]} {[%emt 00:10:49]} 17. Bh5 {[%clk 00:27:49]}
{[%emt 00:09:52]} d5 {[%clk 01:02:02]} {[%emt 00:08:36]} 18. Nxd5 {[%clk
00:24:10]} {[%emt 00:04:10]} Bxf2+ {[%clk 01:02:03]} {[%emt 00:00:29]} 19. Kxf2
{[%clk 00:18:35]} {[%emt 00:06:10]} Nd3+ {[%clk 01:02:21]} {[%emt 00:00:07]} 20.
Kg1 {[%clk 00:05:52]} {[%emt 00:13:34]} Nxe1 {[%clk 00:53:20]} {[%emt
00:09:12]} 21. Ne3 {[%clk 00:04:57]} {[%emt 00:01:49]} Nd3 {[%clk 00:53:24]}
{[%emt 00:00:05]} 22. Qc2 {[%clk 00:03:38]} {[%emt 00:01:43]} Re8 {[%clk
00:52:40]} {[%emt 00:01:24]} 23. Bd2 {[%clk 00:03:04]} {[%emt 00:00:55]} g6
{[%clk 00:52:08]} {[%emt 00:01:03]} 24. Be2 {[%clk 00:03:08]} {[%emt 00:00:26]}
Nc5 {[%clk 00:52:32]} {[%emt 00:00:09]} 25. Qd1 {[%clk 00:03:11]} {[%emt
00:00:25]} Bh3 {[%clk 00:51:57]} {[%emt 00:01:06]} 26. b4 {[%clk 00:01:35]}
{[%emt 00:02:03]} Nd7 {[%clk 00:49:11]} {[%emt 00:03:21]} 27. Bf3 {[%clk
00:01:29]} {[%emt 00:00:31]} Qe6 {[%clk 00:49:17]} {[%emt 00:00:23]} 28. Ng4
{[%clk 00:00:36]} {[%emt 00:01:24]} Ne5 {[%clk 00:48:12]} {[%emt 00:01:35]} 29.
Nf2 {[%clk 00:00:41]} {[%emt 00:00:27]} Rad8 {[%clk 00:48:21]} {[%emt
00:00:22]} 30. Nxh3 {[%clk 00:00:33]} {[%emt 00:00:39]} Rxd2 {[%clk 00:48:43]}
{[%emt 00:00:10]} 0-1

[Event "Terme Krka OPEN 2018"]
[Site "Otočec, Slovenia"]
[Date "2018.12.25"]
[Round "3.5"]
[White "Topolovec, Vid"]
[Black "Pozun, Matej"]
[Result "0-1"]
[WhiteElo "1699"]
[BlackElo "2029"]

1. e4 {[%clk 01:28:04]} {[%emt 00:02:53]} c5 {[%clk 01:30:43]} {[%emt
00:00:18]} 2. Nf3 {[%clk 01:28:16]} {[%emt 00:00:18]} Nc6 {[%clk 01:31:06]}
{[%emt 00:00:17]} 3. d4 {[%clk 01:28:35]} {[%emt 00:00:17]} cxd4 {[%clk
01:31:31]} 4. Nxd4 {[%clk 01:29:00]} Nf6 {[%clk 01:31:51]} {[%emt 00:00:16]} 5.
Nc3 {[%clk 01:29:20]} e5 {[%clk 01:32:15]} {[%emt 00:00:15]} 6. Nb3 {[%clk
01:24:48]} {[%emt 00:04:53]} Bb4 {[%clk 01:31:52]} {[%emt 00:00:49]} 7. Bd3
{[%clk 01:16:16]} {[%emt 00:09:04]} d5 {[%clk 01:31:19]} {[%emt 00:01:01]} 8.
exd5 {[%clk 01:12:33]} {[%emt 00:04:25]} Nxd5 {[%clk 01:31:38]} {[%emt
00:00:04]} 9. Bd2 {[%clk 01:12:08]} {[%emt 00:01:00]} Bxc3 {[%clk 01:31:07]}
{[%emt 00:00:56]} 10. bxc3 {[%clk 01:11:35]} {[%emt 00:01:00]} O-O {[%clk
01:29:16]} {[%emt 00:02:18]} 11. O-O {[%clk 01:08:51]} {[%emt 00:03:15]} f5
{[%clk 01:25:54]} {[%emt 00:03:57]} 12. Qh5 {[%clk 01:03:02]} {[%emt 00:06:29]}
Kh8 {[%clk 01:22:12]} {[%emt 00:03:58]} 13. Rad1 {[%clk 00:52:46]} {[%emt
00:10:44]} Qc7 {[%clk 01:16:28]} {[%emt 00:06:13]} 14. f4 {[%clk 00:31:22]}
{[%emt 00:21:55]} e4 {[%clk 00:50:54]} {[%emt 00:26:27]} 15. Be2 {[%clk
00:19:53]} {[%emt 00:11:37]} e3 {[%clk 00:33:46]} {[%emt 00:17:38]} 16. Qf3
{[%clk 00:14:36]} {[%emt 00:05:50]} Be6 {[%clk 00:28:47]} {[%emt 00:05:24]} 17.
c4 {[%emt 00:02:19]} Nxf4 {[%clk 00:24:03]} {[%emt 00:05:27]} 18. Qxf4 {[%clk
00:09:14]} {[%emt 00:04:00]} Qxf4 {[%clk 00:24:26]} {[%emt 00:00:03]} 19. Rxf4
{[%clk 00:09:39]} {[%emt 00:00:03]} exd2 {[%clk 00:24:48]} {[%emt 00:00:07]} 20.
Rxd2 {[%clk 00:09:27]} {[%emt 00:01:15]} Rad8 {[%clk 00:21:56]} {[%emt
00:02:47]} 21. Bd3 {[%clk 00:06:22]} {[%emt 00:03:36]} g6 {[%clk 00:17:35]}
{[%emt 00:04:53]} 22. Re2 {[%clk 00:04:33]} {[%emt 00:02:47]} Rfe8 {[%clk
00:17:19]} {[%emt 00:00:53]} 23. Rf1 {[%clk 00:04:06]} {[%emt 00:00:19]} Kg7
{[%clk 00:12:21]} {[%emt 00:05:33]} 24. Rfe1 {[%clk 00:04:30]} {[%emt
00:00:22]} Kf7 {[%clk 00:12:30]} {[%emt 00:00:06]} 25. c5 {[%clk 00:03:05]}
{[%emt 00:01:53]} Bd5 {[%clk 00:11:18]} {[%emt 00:01:51]} 26. Kf2 {[%clk
00:02:23]} {[%emt 00:01:08]} Rxe2+ {[%clk 00:10:30]} {[%emt 00:01:40]} 27. Rxe2
{[%clk 00:02:33]} {[%emt 00:00:04]} Kf6 {[%clk 00:04:09]} {[%emt 00:06:36]} 28.
g3 {[%clk 00:01:45]} {[%emt 00:01:17]} Ne5 {[%clk 00:04:10]} {[%emt 00:00:30]}
29. Rd2 {[%clk 00:01:20]} {[%emt 00:01:04]} Be6 {[%clk 00:02:12]} {[%emt
00:02:17]} 30. h3 {[%clk 00:00:53]} {[%emt 00:01:22]} Rc8 {[%clk 00:02:02]}
{[%emt 00:00:16]} 31. Na5 {[%clk 00:00:33]} {[%emt 00:00:58]} Rc7 {[%clk
00:02:21]} {[%emt 00:00:12]} 32. Bc4 {[%emt 00:00:33]} Nxc4 {[%clk 00:02:34]}
{[%emt 00:00:11]} 0-1

[Event "Terme Krka OPEN 2018"]
[Site "Otočec, Slovenia"]
[Date "2018.12.25"]
[Round "3.6"]
[White "Dobrovoljc, Vid"]
[Black "Skrbec, Leon"]
[Result "1-0"]
[WhiteElo "2328"]
[BlackElo "1777"]

1. Nf3 {[%clk 01:30:13]} {[%emt 00:00:57]} d5 {[%clk 01:30:50]} 2. g3 {[%clk
01:30:17]} {[%emt 00:00:20]} c5 {[%clk 01:30:08]} {[%emt 00:01:39]} 3. Bg2
{[%clk 01:30:03]} {[%emt 00:00:22]} Nc6 {[%clk 01:30:19]} {[%emt 00:00:13]} 4.
O-O {[%clk 01:29:24]} {[%emt 00:01:33]} Nf6 {[%clk 01:30:41]} 5. d4 {[%clk
01:28:54]} {[%emt 00:00:45]} Bg4 {[%clk 01:30:24]} {[%emt 00:00:47]} 6. Ne5
{[%clk 01:27:56]} {[%emt 00:01:31]} Bf5 {[%clk 01:29:31]} {[%emt 00:02:52]} 7.
c4 {[%clk 01:18:17]} {[%emt 00:08:40]} e6 {[%clk 01:28:26]} {[%emt 00:01:33]} 8.
Qa4 {[%clk 01:17:53]} {[%emt 00:00:53]} Qc7 {[%clk 01:28:14]} {[%emt 00:00:41]}
9. Nc3 {[%clk 01:14:12]} {[%emt 00:04:14]} Be7 {[%clk 01:23:03]} {[%emt
00:05:59]} 10. cxd5 {[%clk 01:11:42]} {[%emt 00:02:59]} exd5 {[%clk 01:22:47]}
{[%emt 00:00:27]} 11. Nxd5 {[%clk 01:06:06]} {[%emt 00:06:06]} Nxd5 {[%clk
01:22:50]} {[%emt 00:00:32]} 12. Bxd5 {[%clk 01:06:27]} {[%emt 00:00:16]} O-O
{[%clk 01:23:15]} 13. Nxc6 {[%clk 01:00:10]} {[%emt 00:06:40]} bxc6 {[%clk
01:22:42]} {[%emt 00:01:02]} 14. Qxc6 {[%clk 00:56:51]} {[%emt 00:03:47]} Qxc6
{[%clk 01:22:47]} {[%emt 00:00:25]} 15. Bxc6 {[%clk 00:57:11]} {[%emt
00:00:35]} Rac8 {[%clk 01:23:08]} {[%emt 00:00:07]} 16. d5 {[%clk 00:57:26]}
{[%emt 00:00:04]} Rb8 {[%clk 01:22:14]} {[%emt 00:01:20]} 17. b3 {[%clk
00:55:52]} {[%emt 00:01:57]} Bd6 {[%clk 01:21:13]} {[%emt 00:01:41]} 18. Be3
{[%clk 00:55:10]} {[%emt 00:00:50]} Be5 {[%clk 01:17:31]} {[%emt 00:04:28]} 19.
Bxc5 {[%clk 00:54:50]} {[%emt 00:00:45]} Bxa1 {[%clk 01:17:53]} {[%emt
00:00:35]} 20. Bxf8 {[%clk 00:54:49]} {[%emt 00:00:04]} Kxf8 {[%clk 01:18:20]}
{[%emt 00:00:40]} 21. Rxa1 {[%clk 00:55:13]} Ke7 {[%clk 01:18:19]} 22. e4
{[%clk 00:55:17]} {[%emt 00:00:45]} 1-0

[Event "Terme Krka OPEN 2018"]
[Site "Otočec, Slovenia"]
[Date "2018.12.25"]
[Round "3.8"]
[White "Tisaj, Domen"]
[Black "Urbanc, Suzana"]
[Result "1-0"]
[WhiteElo "2100"]
[BlackElo "1642"]

1. d4 {[%clk 01:30:57]} {[%emt 00:00:24]} d5 {[%clk 01:30:56]} 2. c4 {[%clk
01:31:08]} {[%emt 00:00:05]} e6 {[%clk 01:31:25]} {[%emt 00:00:09]} 3. Nc3
{[%clk 01:31:24]} {[%emt 00:00:18]} f5 {[%clk 01:31:50]} 4. Bf4 {[%clk
01:29:40]} {[%emt 00:02:27]} c6 {[%clk 01:27:44]} {[%emt 00:04:14]} 5. e3
{[%clk 01:30:05]} {[%emt 00:00:11]} Nf6 {[%clk 01:28:02]} {[%emt 00:00:32]} 6.
Bd3 {[%clk 01:30:29]} {[%emt 00:00:03]} Be7 {[%clk 01:26:34]} {[%emt 00:01:33]}
7. Nge2 {[%clk 01:30:44]} {[%emt 00:00:35]} O-O {[%clk 01:25:56]} {[%emt
00:00:49]} 8. h3 {[%clk 01:30:48]} {[%emt 00:00:27]} Ne4 {[%clk 01:25:56]}
{[%emt 00:00:40]} 9. O-O {[%clk 01:30:58]} {[%emt 00:00:07]} Nd7 {[%clk
01:26:07]} {[%emt 00:00:28]} 10. f3 {[%clk 01:31:17]} {[%emt 00:00:11]} Nxc3
{[%clk 01:26:34]} 11. Nxc3 {[%clk 01:31:39]} {[%emt 00:00:05]} Nf6 {[%clk
01:26:55]} {[%emt 00:00:36]} 12. Be5 {[%clk 01:27:08]} {[%emt 00:04:34]} Bd6
{[%clk 01:23:10]} {[%emt 00:04:16]} 13. f4 {[%clk 01:26:20]} {[%emt 00:01:16]}
Bxe5 {[%clk 01:21:25]} {[%emt 00:02:14]} 14. fxe5 {[%clk 01:25:00]} {[%emt
00:01:50]} Ne4 {[%clk 01:21:45]} {[%emt 00:00:22]} 15. Bxe4 {[%clk 01:24:41]}
{[%emt 00:00:46]} fxe4 {[%clk 01:22:13]} 16. Qg4 {[%clk 01:24:49]} {[%emt
00:00:24]} Rf5 {[%clk 01:18:20]} {[%emt 00:04:13]} 17. Ne2 {[%clk 01:22:47]}
{[%emt 00:02:33]} Rg5 {[%clk 01:13:05]} {[%emt 00:05:46]} 18. Qf4 {[%clk
01:23:09]} {[%emt 00:00:09]} Rf5 {[%clk 01:13:23]} {[%emt 00:00:10]} 19. Qg3
{[%clk 01:23:38]} Rg5 {[%clk 01:13:32]} {[%emt 00:00:30]} 20. Qe1 {[%clk
01:22:59]} {[%emt 00:00:59]} Qe7 {[%clk 01:13:27]} {[%emt 00:00:44]} 21. Kh1
{[%clk 01:22:41]} {[%emt 00:00:51]} Bd7 {[%clk 01:13:04]} {[%emt 00:00:55]} 22.
Qh4 {[%clk 01:21:47]} {[%emt 00:01:15]} h6 {[%clk 01:09:32]} {[%emt 00:04:00]}
23. c5 {[%clk 01:21:59]} {[%emt 00:00:17]} Rf8 {[%clk 01:09:26]} {[%emt
00:00:39]} 24. Rf4 {[%clk 01:21:23]} {[%emt 00:01:03]} Qe8 {[%clk 01:03:51]}
{[%emt 00:06:05]} 25. g4 {[%clk 01:21:04]} {[%emt 00:00:48]} Qg6 {[%clk
00:51:45]} {[%emt 00:12:38]} 26. Rxf8+ {[%clk 01:12:55]} {[%emt 00:09:09]} Kxf8
{[%clk 00:52:13]} 27. Nf4 {[%clk 01:13:15]} {[%emt 00:00:04]} Qh7 {[%clk
00:48:23]} {[%emt 00:04:00]} 28. Rf1 {[%clk 01:12:33]} {[%emt 00:01:23]} Ke7
{[%clk 00:47:48]} {[%emt 00:00:52]} 29. Qg3 {[%clk 01:09:10]} {[%emt 00:03:52]}
h5 {[%clk 00:48:01]} {[%emt 00:00:42]} 30. Qf2 {[%clk 01:08:40]} {[%emt
00:00:34]} Be8 {[%clk 00:35:27]} {[%emt 00:13:20]} 31. Nxh5 {[%clk 01:07:41]}
{[%emt 00:01:18]} Qh8 {[%clk 00:29:01]} {[%emt 00:06:55]} 32. Qf4 {[%clk
01:05:05]} {[%emt 00:03:19]} Rg6 {[%clk 00:21:00]} {[%emt 00:08:15]} 33. Kh2
{[%clk 01:05:15]} {[%emt 00:00:38]} Rh6 {[%clk 00:21:14]} 34. Qg5+ {[%clk
01:05:24]} {[%emt 00:00:20]} Kd7 {[%clk 00:17:49]} {[%emt 00:03:55]} 35. Qxg7+
{[%clk 01:05:31]} {[%emt 00:00:21]} Qxg7 {[%clk 00:17:11]} {[%emt 00:01:13]} 36.
Nxg7 {[%clk 01:05:58]} Rh7 {[%clk 00:12:33]} {[%emt 00:05:10]} 37. Nxe8 {[%clk
01:06:14]} {[%emt 00:00:12]} Kxe8 {[%clk 00:13:02]} {[%emt 00:00:33]} 38. Kg3
{[%clk 01:06:27]} {[%emt 00:00:03]} b6 {[%clk 00:13:06]} {[%emt 00:00:07]} 39.
b4 {[%clk 01:04:06]} {[%emt 00:02:51]} bxc5 {[%clk 00:13:25]} {[%emt 00:00:46]}
40. bxc5 {[%clk 01:04:09]} Rb7 {[%clk 00:13:48]} {[%emt 00:00:02]} 41. g5
{[%clk 01:04:19]} {[%emt 00:00:18]} Rb2 {[%clk 00:13:41]} {[%emt 00:00:40]} 42.
g6 {[%clk 01:04:36]} {[%emt 00:00:18]} Rb7 {[%clk 00:13:57]} {[%emt 00:00:12]}
43. h4 {[%clk 01:04:57]} {[%emt 00:02:29]} 1-0